000 00601nam a2200229Ia 4500
003 OSt
005 20221007063406.0
006 a|||||r|||| 00| 0
007 ta
008 221006b |||||||| |||| 00| 0 eng d
024 _a28,491
037 _cTextual
040 _aFLL
_cFLL
_beng
041 _2eng
_aeng
082 _aZ73:86, J4
100 _aKeeton Robert
_9684161
245 0 _aTrial tactics and methods
260 _aBoston
_bLittle, Brown And Company
_c1954
300 _axxii,438p
_ccm.
942 _hZ73:86, J4
_cTEXL
_2CC
999 _c1131129
_d1131129